<?xml version="1.0" encoding="UTF-8"?>
<record
    xmlns:xsi="http://www.w3.org/2001/XMLSchema-instance"
    xsi:schemaLocation="http://www.loc.gov/MARC21/slim http://www.loc.gov/standards/marcxml/schema/MARC21slim.xsd"
    xmlns="http://www.loc.gov/MARC21/slim">

  <leader>00522    a2200205   4500</leader>
  <controlfield tag="005">20240307143946.0</controlfield>
  <controlfield tag="008">240306b        |||||||| |||| 00| 0 eng d</controlfield>
  <datafield tag="020" ind1=" " ind2=" ">
    <subfield code="a">9789356227095</subfield>
    <subfield code="c">Rs. 595.00</subfield>
  </datafield>
  <datafield tag="040" ind1=" " ind2=" ">
    <subfield code="a">MAIN</subfield>
  </datafield>
  <datafield tag="082" ind1=" " ind2=" ">
    <subfield code="a">658.3</subfield>
    <subfield code="b">R18H(3)</subfield>
  </datafield>
  <datafield tag="100" ind1=" " ind2=" ">
    <subfield code="a">Rao, V S P</subfield>
  </datafield>
  <datafield tag="245" ind1=" " ind2=" ">
    <subfield code="a">Human resource management </subfield>
  </datafield>
  <datafield tag="250" ind1=" " ind2=" ">
    <subfield code="a">3rd</subfield>
  </datafield>
  <datafield tag="260" ind1=" " ind2=" ">
    <subfield code="b">Taxmann</subfield>
    <subfield code="c">2023</subfield>
    <subfield code="a">New Delhi</subfield>
  </datafield>
  <datafield tag="300" ind1=" " ind2=" ">
    <subfield code="a">v.</subfield>
  </datafield>
  <datafield tag="500" ind1=" " ind2=" ">
    <subfield code="a">Undergraduate curriculum framework</subfield>
  </datafield>
  <datafield tag="650" ind1=" " ind2=" ">
    <subfield code="a">Human Resource Management</subfield>
  </datafield>
  <datafield tag="650" ind1=" " ind2=" ">
    <subfield code="a">Management</subfield>
  </datafield>
  <datafield tag="942" ind1=" " ind2=" ">
    <subfield code="c">BK</subfield>
  </datafield>
  <datafield tag="952" ind1=" " ind2=" ">
    <subfield code="0">0</subfield>
    <subfield code="1">0</subfield>
    <subfield code="2">ddc</subfield>
    <subfield code="4">0</subfield>
    <subfield code="6">658_300000000000000_R18H3</subfield>
    <subfield code="7">0</subfield>
    <subfield code="9">406582</subfield>
    <subfield code="a">MAIN</subfield>
    <subfield code="b">MAIN</subfield>
    <subfield code="d">2024-02-29</subfield>
    <subfield code="e">53</subfield>
    <subfield code="g">446.25</subfield>
    <subfield code="l">1</subfield>
    <subfield code="o">658.3 R18H(3)</subfield>
    <subfield code="p">409967</subfield>
    <subfield code="q">2026-05-28</subfield>
    <subfield code="r">2026-05-14 11:14:10</subfield>
    <subfield code="s">2026-05-14</subfield>
    <subfield code="v">595.00</subfield>
    <subfield code="w">2024-02-29</subfield>
    <subfield code="y">BK</subfield>
  </datafield>
  <datafield tag="952" ind1=" " ind2=" ">
    <subfield code="0">0</subfield>
    <subfield code="1">0</subfield>
    <subfield code="2">ddc</subfield>
    <subfield code="4">0</subfield>
    <subfield code="6">658_300000000000000_R18H3</subfield>
    <subfield code="7">0</subfield>
    <subfield code="9">406583</subfield>
    <subfield code="a">MAIN</subfield>
    <subfield code="b">MAIN</subfield>
    <subfield code="d">2024-02-29</subfield>
    <subfield code="e">53</subfield>
    <subfield code="g">446.25</subfield>
    <subfield code="l">2</subfield>
    <subfield code="o">658.3 R18H(3)</subfield>
    <subfield code="p">409965</subfield>
    <subfield code="r">2025-01-07 12:30:15</subfield>
    <subfield code="s">2024-12-30</subfield>
    <subfield code="v">595.00</subfield>
    <subfield code="w">2024-02-29</subfield>
    <subfield code="y">BK</subfield>
  </datafield>
  <datafield tag="952" ind1=" " ind2=" ">
    <subfield code="0">0</subfield>
    <subfield code="1">0</subfield>
    <subfield code="2">ddc</subfield>
    <subfield code="4">0</subfield>
    <subfield code="6">658_300000000000000_R18H3</subfield>
    <subfield code="7">0</subfield>
    <subfield code="9">406584</subfield>
    <subfield code="a">MAIN</subfield>
    <subfield code="b">MAIN</subfield>
    <subfield code="d">2024-02-29</subfield>
    <subfield code="e">53</subfield>
    <subfield code="g">446.25</subfield>
    <subfield code="l">0</subfield>
    <subfield code="o">658.3 R18H(3)</subfield>
    <subfield code="p">409968</subfield>
    <subfield code="r">2024-02-29 00:00:00</subfield>
    <subfield code="v">595.00</subfield>
    <subfield code="w">2024-02-29</subfield>
    <subfield code="y">BK</subfield>
  </datafield>
  <datafield tag="952" ind1=" " ind2=" ">
    <subfield code="0">0</subfield>
    <subfield code="1">0</subfield>
    <subfield code="2">ddc</subfield>
    <subfield code="4">0</subfield>
    <subfield code="6">658_300000000000000_R18H3</subfield>
    <subfield code="7">0</subfield>
    <subfield code="9">406585</subfield>
    <subfield code="a">MAIN</subfield>
    <subfield code="b">MAIN</subfield>
    <subfield code="d">2024-02-29</subfield>
    <subfield code="e">53</subfield>
    <subfield code="g">446.25</subfield>
    <subfield code="l">0</subfield>
    <subfield code="o">658.3 R18H(3)</subfield>
    <subfield code="p">409966</subfield>
    <subfield code="r">2024-02-29 00:00:00</subfield>
    <subfield code="v">595.00</subfield>
    <subfield code="w">2024-02-29</subfield>
    <subfield code="y">BK</subfield>
  </datafield>
  <datafield tag="999" ind1=" " ind2=" ">
    <subfield code="c">311370</subfield>
    <subfield code="d">311370</subfield>
  </datafield>
</record>
